000
00306nam a22001217a 4500
008
250811b |||||||| |||| 00| 0 eng d
050
_a
HD 31
_b
.C76
100
_a
CROSBY RALPH W.
245
_a
PERSON-TO-PERSON MANAGEMENT
260
_a
PHILADELPHIA
_b
CHILTON COMPANY
_c
1966
300
_a
272p.
942
_c
BK
999
_c
4458
_d
4458